| 000 | 00480cam a2200181ua 4500 | ||
|---|---|---|---|
| 020 | _c25.00 | ||
| 041 |
_amal _h |
||
| 082 |
_a294.592 2 _bGOP/TU |
||
| 100 | _aGopalakurup, Vennikkulam . | ||
| 245 |
_aTulasidas Ramayanam / _cVennikkulam Gopala Kurup. _hTextual Documents |
||
| 250 |
_a1 / _b. |
||
| 260 |
_aKottayam : _bSahitya Pravarthaka Co-operative Society , _c1968. |
||
| 300 | _a842 ; . | ||
| 365 | _a25.00 | ||
| 504 | _a | ||
| 942 | _cBK | ||
| 999 |
_c6559 _d6559 |
||